000
00296nam a22001337a 4500
008
171010b xxu||||| |||| 00| 0 eng d
020
_a
9780130923318
041
_a
eng
080
_2
8 ED
_a
316
100
_a
50
101
_a
SOC
245
_a
SOCIAL PROBLEMS
_c
COLEMAN.J.W
942
_2
udc
_c
BK
999
_c
32961
_d
32961